| 000 | 00505nam a2200193 a 4500 | ||
|---|---|---|---|
| 001 | 1778578638782 | ||
| 003 | YourLibrary | ||
| 005 | 20260512150840.0 | ||
| 008 | 260512s2009##################000#0#eng## | ||
| 020 | _a9780141039565 | ||
| 082 | 0 | 4 |
_a422 _bJAC |
| 100 | 1 |
_aJack, Albert, _eauthor. |
|
| 245 | 1 | 0 | _aShaggy Dogs and Black Sheep : |
| 260 |
_bPenguin UK, _c2009. |
||
| 300 | _a210 pages | ||
| 650 | 0 | _aLanguage Arts & Disciplines. | |
| 942 | _cENGLISH | ||
| 040 |
_aYourLibrary _beng _cYourLibrary |
||
| 999 |
_c623155 _d623155 |
||